Wspólczesne uwarunkowania gospodarczo-przestrzenne internacjonalizacji miast polskich

Salvato in:
Dettagli Bibliografici
Autore principale: Komorowski, Józef W.
Natura: Libro
Lingua:polacco
Pubblicazione: Poznan Wydawnictwo Akademii Ekonomicznej w Poznaniu 2000
Serie:Zeszyty naukowe: Seria 2 Prace habilitacyjne: Zeszyt 157
Soggetti:
Tags: Aggiungi Tag
Nessun Tag, puoi essere il primo ad aggiungerne!!

MARC

LEADER 00000nam a2200000 4500
001 c122806
005 20221221084919.4
020 |a 83-87152-95-1 
022 |a 1230-6673 
041 0 |a pol 
044 |a PL 
245 1 0 |a Wspólczesne uwarunkowania gospodarczo-przestrzenne internacjonalizacji miast polskich  |c Józef W. Komorowski 
264 1 |a Poznan  |b Wydawnictwo Akademii Ekonomicznej w Poznaniu  |c 2000 
300 |a 212 s. 
490 1 |a Zeszyty naukowe: Seria 2  |v Prace habilitacyjne: Zeszyt 157 
830 0 |a Zeszyty naukowe: Seria 2  |v Prace habilitacyjne: Zeszyt 157 
610 2 0 |a internacionalizácia 
610 2 0 |a mestá 
610 2 0 |a výskum 
610 2 0 |a hospodárstvo regionálne 
610 2 0 |a politika regionálna 
610 2 0 |a globalizácia hospodárstva 
610 2 0 |a konkurencia 
610 2 0 |a marketing 
610 2 0 |a regióny 
610 2 0 |a transformácia 
610 2 0 |a Poľsko 
100 1 |a Komorowski, Józef W.